Otra lógica en América Latina: religión popular y modernización capitalista

Furkejuvvon:
Bibliográfalaš dieđut
Váldodahkki: Parker Gumucio, Cristián (autor)
Materiálatiipa: Girji
Giella:espánnjágiella
Almmustuhtton: Santiago Fondo de Cultura Económica 1993
Fáttát:
Fáddágilkorat: Lasit fáddágilkoriid
Eai fáddágilkorat, Lasit vuosttaš fáddágilkora!

MARC

LEADER 00000nam a2200000 a 4500
001 UCU0834
003 CL-VaPUC
008 960329e19930000CL |||||||||||||||||spa|d
082 0 4 |a 306.6  |b PAR  |2 21 
100 |a Parker Gumucio, Cristián  |e autor  |9 553964 
245 1 0 |a Otra lógica en América Latina: religión popular y modernización capitalista 
300 |a 407 p 
942 |c BK 
945 |d 19960329 00:00:00  |a mcarcey 
260 |a Santiago  |b Fondo de Cultura Económica  |c 1993 
650 0 |a Lógica  |9 256849 
650 0 |a Religión   |9 255164 
650 0 |a Cristianismo  |9 257361 
650 0 |a Capitalismo  |9 255255 
650 0 |a Política  |9 255312 
651 0 |a América Latina   |9 255027 
583 |a last modification  |c 19960329 00:00:00  |k Rodrigo Vera 
999 |c 245620  |d 245618 
952 |0 0  |1 0  |4 0  |6 306_600000000000000_PAR_1993  |7 0  |8 A  |9 260187  |a BIBGIM  |b BIBGIM  |d 2019-11-19  |i 318613K  |o 306.6 PAR 1993  |p 318613K  |r 2025-01-15  |w 2019-11-19  |y BK  |k SSL 
952 |0 0  |1 0  |4 0  |6 306_600000000000000_PAR_1993  |7 0  |8 A  |9 260188  |a BIBHIS  |b BIBHIS  |d 2019-11-19  |i 351093K  |o 306.6 PAR 1993  |p 351093K  |r 2025-01-20  |w 2019-11-19  |y BK  |k HIS